Statistics for Famous Albertans

Click here to take the quiz!

General Stats

  • This quiz has been taken 6 times
  • The average score is 4 of 50

Answer Stats

HintAnswer% Correct
ActorMichael J. Fox
60%
National Hockey League PlayerMark Messier
40%
ActorNathan Fillion
40%
Actor/DancerAlex Wong
20%
Soccer PlayerAlphonso Davies
20%
National Hockey League PlayerCale Makar
20%
National Hockey League PlayerCarter Hart
20%
SingerChad Kroeger
20%
YoutuberCody Ko
20%
ActressEvangeline Lilly
20%
Singerk.d. lang
20%
Major League Baseball PlayerMike Soroka
20%
BandNickelback
20%
SingerTate McRae
20%
Singing DuoTegan and Sara
20%
Actor/Comedian/MusicianTommy Chong
20%
SingerAlyssa Reid
0%
National Hockey League PlayerBrayden Point
0%
National Hockey League PlayerBrendan Gallagher
0%
ActressCatherine Mary Stewart
0%
National Football League PlayerChuba Hubbard
0%
ActorCory Monteith
0%
National Hockey League PlayerDion Phanuf
0%
Actress/ModelElisha Cuthbert
0%
ActorEric Johnson
0%
National Hockey League PlayerGrant Fuhr
0%
National Hockey League PlayerJake DeBrusk
0%
Computer ScientistJames Gosling
0%
SingerJann Arden
0%
National Hockey League PlayerJay Beagle
0%
National Hockey League PlayerJay Bouwmeester
0%
National Hockey League PlayerJerome Iginla
0%
ActressJessica Parker Kennedy
0%
National Hockey League PlayerJohn Bucyk
0%
National Hockey League PlayerKirby Dach
0%
National Hockey League PlayerKris Russell
0%
National Hockey League PlayerLanny McDonald
0%
National Football League PlayerMark Rypien
0%
Stunt Performer/ActressMonique Ganderton
0%
National Football League Player/CommentatorNate Burleson
0%
ActorNathaniel Arcand
0%
ActorPaul Gross
0%
ActressRhiannon Fish
0%
SingerRuth B.
0%
National Hockey League PlayerRyan Smyth
0%
National Hockey League PlayerScott Niedermayer
0%
National Hockey League PlayerShane Doan
0%
National Hockey League PlayerTaylor Hall
0%
Actress/ModelTricia Helfer
0%
National Hockey League PlayerWilliam Nylander
0%

Score Distribution

Percentile by Number Answered

Percent of People with Each Score

Your Score History

You have not taken this quiz